Statistics for Hindu Mythology Quiz

Click here to take the quiz!

General Stats

  • This quiz has been taken 182 times
  • The average score is 23 of 50

Answer Stats

HintAnswer% Correct
Lord of time and destruction, wields a trident.Shiva
95%
The Preserver god with ten different avatars, the last of which is apocalyptic.Vishnu
95%
Creator god, who has four heads for four directions.Brahma
90%
The protagonist of Ramayana.Rama
80%
The elephant headed god of wisdom.Ganesha
78%
The great playful avatar of the Preserver god, who plays a huge rule in Mahabharata.Krishna
78%
Apocalyptic avatar of the second birth.Kali
77%
The monkey avatar of the god of time and destruction.Hanuman
73%
Goddess of fortune, churned out of the Ocean of Milk.Lakshmi
72%
The female deuteragonist of Ramayana.Sita
68%
Devi's second birth.Parvati
67%
Warrior avatar of the second birth.Durga
66%
The antagonist of Ramayana.Ravana
66%
The King of gods, rain-giver.Indra
63%
Goddess of knowledge.Saraswati
63%
The book that describes the above's teachings to one of the brothers.Bhagwad Gita
60%
The five brothers in Mahabharata.Pandavas
56%
The fire deity.Agni
52%
The goddess of the Ganges.Ganga
51%
The sixth brother of the five brothers, who died in one of their hands.Karna
51%
The wife of the five brothers in Mahabharata, disrespected by the main antagonist and the sixth brother.Draupadi
48%
Elephant headed god's brother, the god of war.Kartikeya
47%
The brother of the hero of Ramayana who accompanied him in exile.Lakshmana
46%
The religious scripts that describe the gods of nature, the above among them, as the supreme deities.Vedas
46%
The main antagonist of Mahabharata.Duryodhana
43%
The last avatar of the Preserver god, which is supposed to rid the world of sins.Kalki
41%
The god of winds who fathered two very powerful demigods, one being the monkey god, and the other being one of the five brothers.Vayu
40%
The god of death, father of one of the five brothers in Mahabharata.Yama
40%
The woman who was part of the immortal love story with the playful avatar of the Preserver god.Radha
37%
The brother of the hero of Ramayana who, despite ruling the kingdom for fourteen years, never sat on the throne.Bharata
36%
The god of wealth.Kuber
34%
The Yuga of Mahabharata.Dwapar Yuga
33%
The primordial goddess of power, also known as Devi.Shakti
31%
The Yuga of Ramayana.Treta Yuga
31%
Number of Hindu gods *33
30%
The son of the above, who plays a major role in the Mahabharata.Bhishma Pitamaha
30%
Devi's first birth.Sati
30%
The present Yuga.Kalyuga
26%
Devi's second birth's avatar who symbolizes food.Annapurna
25%
The brother of the playful avatar of the Preserver god, lovingly known as 'Daau'.Balrama
25%
The incident of churning the ocean.Samudramanthan
20%
The religious scripts that normally specialize on the greatness of one particular god.Puranas
18%
The immortal, or Chiranjeevi, who killed the sons of the wife of the five brothers of Mahabharata.Ashwathama
16%
The all-destroying dance of the Time lord.Nataraja
16%
The Preserver god's avatar, a sage who destroys evil royal men.Parshurama
15%
Devi's first birth's father.Daksha
13%
The only major temple where the Creator god is worshipped.Pushkar
13%
Time lord's avatar that ended the creator god's head of pride.Kaal Bhairava
12%
The sage who fathered these gods of nature.Kashyap
8%
Time lord's avatar that killed the above in vengeance of the death of Devi's first birth.Virbhadra
4%

Score Distribution

Percentile by Number Answered

Percent of People with Each Score

Your Score History

You have not taken this quiz